| 000 | 01115 a2200241 4500 | ||
|---|---|---|---|
| 003 | Nust | ||
| 005 | 20221019112837.0 | ||
| 010 | _a 92007088 | ||
| 020 | _a1562050494 : | ||
| 035 | _a(DLC) 92007088 | ||
| 040 | _cNust | ||
| 082 | 0 | 0 | _a620.00420285,RAK |
| 100 |
_aRaker D _9100770 |
||
| 245 | 0 | 0 |
_aInside AutoCAD / _cTom Boersma ; original authors, D. Raker and H. Rice. |
| 260 |
_aCarmel, Ind. : _bNew Riders Publishing, _cc1992. |
||
| 300 |
_axxx, 371p. : _bill ; _c24 cm. |
||
| 505 | _aIntroduction (Page-1), Setting up AutoCAD (Page-9), Getting Around (Page-43), Graphics Primitives (Page-71), Introduction to Editing (Page-103), Drawing Construction Techniques (Page-135), Herding Objects into Symbols (Page-159), Drawing Enhancements (Page-189), Drawing Output (Page-214), 3-D Making your Drawing Stand Out (Page-239), Drawing Intelligence (Page-259), Attributes and Data Extraction (PAge-291), Customizing Auto cad (Page-313), | ||
| 650 | 0 |
_aComputer graphics. _91225 |
|
| 700 | 1 |
_aBoersma, Tom. _9100771 |
|
| 700 | 1 |
_aRaker, Daniel. _940545 |
|
| 700 | 1 |
_aRice, Harbert. _940546 |
|
| 942 |
_2ddc _cBK |
||
| 999 |
_c182751 _d182751 |
||